000 00797nam a2200289Ia 4500
001 16719
003 IT-RoPAU
008 130308s9999 xx 000 0 und d
040 _aIT-RoPAU
040 _cIT-RoPAU
041 _aITALIANO
100 _aFragasso Emanuele
100 _gCodice Aut. SPICS: 6485
245 _aDiffamazione in relazione ai diversi tipi di ordinamento (La)
245 _bTutela dell'onore e mezzi di Comunicazione di Massa
250 _a1a ed.
260 _aMILANO
260 _bFeltrinelli
260 _c1979 [1° Ed.:1979 - Ed.Ling.Originale:1978]
300 _a"11 p. (prefazione: no ; testo: 11 [pagine: 79-89])"
650 _aDIRITTO GENERALE
650 _eCodice materia Spics: 4601
942 _cBK
957 _71
999 _c46602
_d46602
999 _bSI
999 _g1